00813nam a2200241Ia 450000100060000000300090000600800410001504000130005604000130006904100130008210000240009510000290011924500280014824500170017625000110019326000110020426000130021526000490022830000590027750001690033665000350050565000310054067781IT-RoPAU130308s9999 xx 000 0 und d aIT-RoPAU cIT-RoPAU aITALIANO aBartolucci Giuseppe gCodice Aut. SPICS: 9511 aTeatro revival immagine bRevival (Il) a1a ed. aMILANO bMazzotta c1974 [1° Ed.:1974 - Ed.Ling.Originale:1974] a"22 p. (prefazione: no ; testo: 22 [pagine: 353-374])" aImmagine Sonorità€ di Bob Wilson immagine Nevrotizzata di Richard Foreman immagine Intermezzo del Bread And Puppet immagine Danza immagine Secondo la Scuola Romana aTEORIA/LINGUAGGI DI ICONOLOGIA eCodice materia Spics: 5153